Recabarren: escritos de prensa
Gespeichert in:
| Hauptverfasser: | , , |
|---|---|
| Format: | Buch |
| Sprache: | Spanisch |
| Veröffentlicht: |
Santiago
Nuestra América
1985
|
| Schlagworte: | |
| Tags: |
Tag hinzufügen
Keine Tags, Fügen Sie den ersten Tag hinzu!
|
MARC
| LEADER | 00000nam a2200000 a 4500 | ||
|---|---|---|---|
| 001 | UCW9064 | ||
| 003 | CL-VaPUC | ||
| 008 | 881129e19850000CL |||||||||||||||||spa|d | ||
| 082 | 0 | 4 | |a 983.063 |b REC |2 21 |
| 100 | |a Recabarren, Luis Emilio, |d 1876-1924 |e author |9 256464 | ||
| 700 | 0 | |a Cruzat A., Ximena |e author |9 314217 | |
| 700 | |a Devés Valdés, Eduardo |e author |9 617183 | ||
| 245 | 1 | 0 | |a Recabarren: escritos de prensa |
| 300 | |a 4 v | ||
| 942 | |c BK | ||
| 945 | |d 19881129 00:00:00 | ||
| 260 | |a Santiago |b Nuestra América |c 1985 | ||
| 600 | 0 | |a Recabarren, Luis Emilio, |d 1876-1924 |9 256464 | |
| 583 | |a last modification |c 19881129 00:00:00 |k Rodrigo Vera | ||
| 999 | |c 221138 |d 221136 | ||
| 952 | |0 0 |1 0 |4 0 |6 983_063000000000000_REC_1985 |7 0 |8 A |9 214146 |a BIBHIS |b BIBHIS |d 2019-11-15 |h v.1 |i 2827344 |o 983.063 REC 1985 |p 2827344 |r 2025-01-20 |w 2019-11-15 |y BK |k HIS | ||
| 952 | |0 0 |1 0 |4 0 |6 983_063000000000000_REC_1985 |7 0 |8 A |9 214147 |a BIBHIS |b BIBHIS |d 2019-11-15 |h v.2 |i 2827352 |o 983.063 REC 1985 |p 2827352 |r 2025-01-20 |w 2019-11-15 |y BK |k HIS | ||
| 952 | |0 0 |1 0 |4 0 |6 983_063000000000000_REC_1985 |7 0 |8 A |9 214148 |a BIBHIS |b BIBHIS |d 2019-11-15 |h v.3 |i 2827360 |o 983.063 REC 1985 |p 2827360 |r 2025-01-20 |w 2019-11-15 |y BK |k HIS | ||
| 952 | |0 0 |1 0 |4 0 |6 983_063000000000000_REC_1985 |7 0 |8 A |9 214149 |a BIBHIS |b BIBHIS |d 2019-11-15 |h v.4 |i 2827379 |o 983.063 REC 1985 |p 2827379 |r 2025-01-20 |w 2019-11-15 |y BK |k HIS | ||